| 000 -LEADER |
| fixed length control field |
00509pam a2200181 a 4500 |
| 020 ## - INTERNATIONAL STANDARD BOOK NUMBER |
| ISBN |
0849343194 (set) |
| 020 ## - INTERNATIONAL STANDARD BOOK NUMBER |
| ISBN |
0849343208 (v. 1) |
| 020 ## - INTERNATIONAL STANDARD BOOK NUMBER |
| ISBN |
0849343216 (v. 2) |
| 040 ## - CATALOGING SOURCE |
| Transcribing agency |
DLC |
| 082 00 - DEWEY DECIMAL CLASSIFICATION NUMBER |
| Classification number |
551 CRC 1987 A025 Or. |
| 100 1# - MAIN ENTRY--AUTHOR NAME |
| Personal name |
Gaspar, Emilian. |
| 245 10 - TITLE STATEMENT |
| Title |
Modern trends in tracer hydrology / |
| 260 ## - PUBLICATION, DISTRIBUTION, ETC. (IMPRINT) |
| Place of publication |
Boca Raton, Fla. : |
| Name of publisher |
CRC Press, |
| Year of publication |
c1987. |
| 300 ## - PHYSICAL DESCRIPTION |
| Number of Pages |
2 v. : |
| Other physical details |
ill. ; |
| Dimensions |
27 cm. |
| 650 #0 - SUBJECT ADDED ENTRY--TOPICAL TERM |
| Topical Term |
Radioisotopes in hydrology. |
| 650 #0 - SUBJECT ADDED ENTRY--TOPICAL TERM |
| Topical Term |
Radioactive tracers in hydrogeology. |
| 942 ## - ADDED ENTRY ELEMENTS (KOHA) |
| Koha item type |
សៀវភៅភាសាអង់គ្លេស |
| 952 ## - LOCATION AND ITEM INFORMATION (KOHA) |
| Withdrawn status [LOCAL, KOHA] |
0 |
| 952 ## - LOCATION AND ITEM INFORMATION (KOHA) |
| Withdrawn status [LOCAL, KOHA] |
0 |